| 000 | 00695nam a22002177a 4500 | ||
|---|---|---|---|
| 003 | BUBTL | ||
| 008 | 221218b ||||| |||| 00| 0 eng d | ||
| 020 | _a9780521477970 | ||
| 082 | _a428.207/ P2494g/ 2000 | ||
| 100 |
_95092 _aParrott, Martin |
||
| 245 |
_aGrammar for English language teachers/ _c Martin Parrott |
||
| 250 | _a2nd End. | ||
| 260 |
_aCambridge: _bCambridge University Press, _cc2000 |
||
| 300 |
_avii, 470 p.: _c25 cm. |
||
| 500 | _aIncludes Index | ||
| 505 | _a Martin Parrott, Grammar for English language teachers, English, English language | ||
| 650 | 0 |
_9194 _aEnglish Language |
|
| 856 |
_k0 _l0 _yDownload |
||
| 942 |
_2ddc _cBK |
||
| 999 |
_c6884 _d6884 |
||